|
|
|
|
| LEADER |
00000naa2a2200000 4500 |
| 001 |
297099 |
| 005 |
20240215085822.0 |
| 035 |
|
|
|a (RuTPU)RU\TPU\book\322219
|
| 090 |
|
|
|a 297099
|
| 100 |
|
|
|a 20150605d1989 k y0rusy50 ca
|
| 101 |
0 |
|
|a rus
|
| 102 |
|
|
|a RU
|
| 200 |
1 |
|
|a Плазма электрической дуги в условиях плотного динамического обжатия
|f В. Л. Корольков [и др.]
|
| 461 |
|
1 |
|0 (RuTPU)RU\TPU\book\206456
|t Генераторы низкотемпературной плазмы
|o тезисы докладов XI Всесоюзной конференции, Новосибирск, 20-23 июня 1989 г.
|f Академия наук СССР (АН СССР), Сибирское отделение (СО), Институт теплофизики (ИТ) ; гл. ред. М. В. Жуков
|d 1989
|
| 463 |
|
0 |
|0 (RuTPU)RU\TPU\book\120229
|t Ч. 1 : С. 1. Генераторы низкотемпературной плазмы. С. 2. Теоретическое и экспериментальное исследование электрической дуги
|v С. 214-215
|p 301 с.
|
| 610 |
1 |
|
|a труды учёных ТПУ
|
| 701 |
|
1 |
|a Корольков
|b В. Л.
|c российский ученый
|c доктор технических наук, Заслуженный изобретатель России
|c профессор Томского государственного архитектурно-строительного университета
|f 1938-
|g Валерий Леонидович
|3 (RuTPU)RU\TPU\pers\19826
|
| 701 |
|
1 |
|a Нестеренко
|b А. Е.
|
| 701 |
|
1 |
|a Сивков
|b А. А.
|c специалист в области электроэнергетики
|c профессор Томского политехнического университета, доктор технических наук
|f 1951-
|g Александр Анатольевич
|3 (RuTPU)RU\TPU\pers\26846
|9 12465
|
| 701 |
|
1 |
|a Новиков
|b В. А.
|
| 801 |
|
1 |
|a RU
|b 63413507
|c 20150605
|
| 801 |
|
2 |
|a RU
|b 63413507
|c 20150605
|g RCR
|
| 942 |
|
|
|c BK
|